000 00640nam a22002057a 4500
999 _c15187
_d15187
003 MIRAKIL
005 20230228124921.0
008 230228b tu ||||| |||| 00| 0 tur d
020 _a9789754648935
040 _aTR-AnCHP
_cTR-AnCHP
041 _atur
082 _a346.561023026
_bÖ94d 2014
100 1 _aÖzkan, Gürsel
245 1 0 _aDanıştay kararları ışığında Kamu ihale hukukuna egemen olan temel ilkeler /
_cGürsel Özkan.
260 _aAnkara :
_bYetkin Yayınları,
_c2014.
300 _a356 s.:
_c24 sm.
504 _aBibliyografik bilgi içerir.
650 0 _97357
_aKamu ihale hukuku
_xTürkiye
942 _2ddc
_cBKS